| 000 | 01012nam a2200313 i 4500 | ||
|---|---|---|---|
| 001 | 11477 | ||
| 003 | ES-MaACL | ||
| 005 | 20230906150117.0 | ||
| 007 | t| | ||
| 008 | 930701s1992 sp |||| | spa | ||
| 020 | _a84-7100-389-9 | ||
| 080 | _a327(460:6-17)"14/17" | ||
| 080 | _a96-17"14/17" | ||
| 080 | _a341.362.1(4/6-015)"14/17" | ||
| 100 | 1 |
_aGarcía-Arenal, Mercedes. _954180 |
|
| 245 | 1 | 4 |
_aLos españoles y el norte de África _b: siglos XV-XVIII / _cMercedes García-Arenal, Miguel Ángel de Bunes. |
| 260 |
_aMadrid : _bMapfre, _c[1992] |
||
| 300 |
_a309 p. ; _c24 cm. |
||
| 490 | 1 |
_aEl Magreb ; _v5 |
|
| 500 | _aÍndices. | ||
| 504 | _aBibliografía: p. [295]-299. | ||
| 650 | 4 |
_aCorsarios- _zMediterráneo (Región) _9173751 |
|
| 651 | 4 |
_aEspaña- _xRelaciones- _zMagreb. _9154082 |
|
| 651 | 4 |
_aMagreb- _xHistoria- _y1517-1882. _9149121 |
|
| 700 | 1 |
_aBunes Ibarra, Miguel Angel de. _932547 |
|
| 830 | 1 |
_aEl Magreb ; _v5 _9179117 |
|
| 852 | 4 |
_aES-MaACL _jL-18802 |
|
| 999 |
_c11477 _d11477 |
||